| 000 | 00712nam a22002177a 4500 | ||
|---|---|---|---|
| 999 |
_c9065 _d9065 |
||
| 003 | AR-CdUCM | ||
| 008 | 190327b ||||| |||| 00| 0 spa d | ||
| 020 | _a84-281-0221-X | ||
| 040 |
_aMUNICIPALIDAD PROVINCIAL DEL CUSCO _cBIBLIOTECA MUNICIPAL DEL CUSCO |
||
| 082 |
_a658.01 / _bM61 |
||
| 100 |
_aMeyer, Jean _925044 |
||
| 245 | _aEl control de gestión / | ||
| 260 |
_aBarcelona : _bOikos tau ediciones, _c1973. |
||
| 300 |
_a123 paginas ; _bDiagramas, _c17 cm. |
||
| 505 | _aContenido :Las bases --Prendimiento y puesta en marcha --Los instrumentos / | ||
| 650 |
_aGestión (Empresas industriales) _925045 |
||
| 650 |
_aControl _925046 |
||
| 650 |
_aNormas _915859 |
||
| 942 |
_2ddc _cLIBROS |
||
| 945 | _arjall | ||